Well-being je pre nás kľúčový a fungovať sa dá aj na diaľku
Štandard práce z domu zmenil fungovanie slovenských finančných inštitúcií. Zamestnanecké benefity bánk v súkromnom a pracovnom živote. Flexibilita pracovného času umožňuje zaistenie sústredenej práce.
Uložené v:
| Médium: | Kapitola |
|---|---|
| Jazyk: | Slovak |
| Predmet: | |
| Tagy: |
Žiadne tagy, Buďte prvý, kto otaguje tento záznam!
|
MARC
| LEADER | 00000naa a2200000 4500 | ||
|---|---|---|---|
| 001 | 0279352 | ||
| 005 | 20240417075146.7 | ||
| 041 | 0 | |a slo | |
| 044 | |a SK | ||
| 245 | 1 | 0 | |a Well-being je pre nás kľúčový a fungovať sa dá aj na diaľku |
| 520 | |a Štandard práce z domu zmenil fungovanie slovenských finančných inštitúcií. Zamestnanecké benefity bánk v súkromnom a pracovnom živote. Flexibilita pracovného času umožňuje zaistenie sústredenej práce. | ||
| 610 | 2 | 0 | |a banky |
| 610 | 2 | 0 | |a sporiteľne |
| 610 | 2 | 0 | |a poisťovne |
| 610 | 2 | 0 | |a práca z domu |
| 610 | 2 | 0 | |a flexibilita |
| 610 | 2 | 0 | |a banky centrálne |
| 610 | 2 | 0 | |a banky hypotekárne |